| 000 | 00692nam a2200217Ia 4500 | ||
|---|---|---|---|
| 003 | OSt | ||
| 005 | 20251202161253.0 | ||
| 008 | 210716s1995 xx 000 0 und d | ||
| 040 | _cAIMIT LIBRARY | ||
| 041 | _aeng | ||
| 082 |
_a006.32 _21 _bKINW |
||
| 100 |
_aKinnebrock, Werner. _9247289 |
||
| 245 |
_aNeural networks : _bfundamentals applications examples / _cBy Werner Kinnebrock. |
||
| 250 | _a1st ed. | ||
| 260 |
_aNew Delhi : _bGalgotia Publications Pvt Ltd , _c1995. |
||
| 300 |
_a179,6p. ; _bPB _c24.5 cm |
||
| 650 |
_aForward- feed network _9247290 |
||
| 650 |
_aNetworks with feedback _9247291 |
||
| 650 |
_aFurther network- types _9247292 |
||
| 942 |
_2ddc _cBK _e2nd _k006.32 KINW |
||
| 999 |
_c182979 _d182979 |
||